000 00421nam a22001697a 4500
999 _c963
_d963
005 20210927120326.0
008 160517b xxu||||| |||| 00| 0 eng d
020 _a978-81-8054-597-9
041 _aeng
082 _b2633
_a346.07
100 _aN.D. Kapoor
_96934
245 _aElement's of Mercantile Law
260 _aNew Delhi
_bSultan Chand & Sons.
_c2009
300 _a1180
650 _aManagement
_9241
942 _cBK